On This Day: October 31st II Quiz Stats

 Plays Quiz Updated Oct 31, 2018

Score 0/7 Timer 03:00
1 Play Today
Question Answer Wrong Answers
This Canadian actor and comedian, known for roles in ‘Planes, Trains and Automobiles’ and ‘Cool Runnings’, is born.
1950
John Candy
82%
Rick Moranis
2.7%
Dan Aykroyd
9%
Chris Farley
5.6%
After 359 years, the Roman Catholic church reinstates this proponent of heliocentrism, admitting he was right.
1992
Galileo Galilei
81.3%
Isaac Newton
6.9%
Michael Faraday
1.9%
Leonardo da Vinci
8.5%
Theologian and professor Martin Luther posts his '_____ Theses' on the door of Castle Church in Wittenberg, Germany, sparking a schism which would become the Protestant Reformation.
1517
Ninety-Five
73.6%
One Hundred and One
9%
Seventy
4.1%
Twenty-One
13.1%
A Texas grand jury indicts former ______ CFO Andrew Fastow on 78 counts of wire fraud, money laundering, conspiracy, and obstruction of justice related to the collapse of his ex-employer.
2002
Enron
73.1%
Tesla, Inc.
1.8%
Lehman Brothers
13.5%
Goldman Sachs
10%
After 14 years of work, construction on this National Memorial ends due to lack of funding.
1941
Mount Rushmore
69.3%
Washington Monument
14.3%
Lincoln Memorial
9.5%
Gateway Arch
6.8%
Dubbed an ‘October surprise’, this US President announces to the nation that he has ordered a halt on all North Vietnam bombing.
1968
Lyndon B. Johnson
62.6%
Richard Nixon
28.7%
John F. Kennedy
4.3%
Gerald Ford
3.4%
After 22 years in power, Mahathir bin Mohamad resigns as Prime Minister of ______. He eventually comes out of retirement to serve as Prime Minister again in 2018.
2003
Malaysia
34%
Indonesia
26.1%
Afghanistan
23.1%
India
14.9%

You're not logged in!

Compare scores with friends on all Sporcle quizzes.
OR
Log In

Sporcle TV

Today on Sporcle TV


Watch our educational content, quiz creation guides, and fun videos on Sporcle TV.

Show Comments

Extras

Top Quizzes Today


Score Distribution

Your Account Isn't Verified!

In order to create a playlist on Sporcle, you need to verify the email address you used during registration. Go to your Sporcle Settings to finish the process.

Report this User

Report this user for behavior that violates our Community Guidelines.

Details: